000 00238nam a2200097Ia 4500
005 20251222114356.0
008 251222s1900||||xx |||||||||||||| ||spa||
082 _aDVD0099/C78/2012/T.15
245 0 _aII Guerra mundial 1939-1945:
942 _cDVD
999 _c1428
_d1428